Statistics for Word Chain - Spain

Click here to take the quiz!

General Stats

  • This quiz has been taken 38 times
  • The average score is 14 of 25

Answer Stats

HintAnswer% Correct
Valencia is known for producing the best of this type of fruitOrange
92%
Arabian palace in GranadaAlhambra
80%
Friend of Sancho Panza, who tilted at windmillsDon Quijote
76%
The home of flamencoSeville
76%
_____ Iniesta, a famous midfielder for FC BarcelonaAndrés
72%
Kingdom of Fernando IIAragon
72%
Famous brand of Spanish beer, of which there are two varieties - one made in Catalunya and one made in GaliciaEstrella
72%
Region that is home to the San Fermin festivalNavarre
68%
Town in Castile and León known for its famous wallsÁvila
64%
Famous city of cider in AsturiasOviedo
64%
Ultimate destination of the pilgrimsSantiago
64%
Home of a famous aqueductSegovia
64%
One of the main ingredients of tortillaPotato
60%
The bank of the city. The city of the bank.Santander
60%
This "authentic" team plays in white and purpleReal Madrid
56%
Anglicised form of the name of the current Spanish monarchPhillip
52%
Famous caves of CantabriaAltamira
48%
Famous Spanish talent show that returned this year after a ten year hiatusOperación Triunfo
48%
Anthony Flags wore the disguise of the fox. Twice.Antonio Banderas
44%
Pelagius of ___________Asturias
44%
Famous dry-cured Spanish ham that is not made from Black Iberian PigsSerrano
44%
Henry ChurchEnrique Iglesias
40%
A refreshing, ice-cold drink made with water, tigernuts and sugar, originating from Catalunya (especially Valencia)Orxata
36%
Spain has won three of these continental drinking vesselsEuropean Cup
24%
Famous seafood ingredient from GaliciaOstras
12%

Score Distribution

Percentile by Number Answered

Percent of People with Each Score

Your Score History

You have not taken this quiz